01358nam a2200325 a 4500001001200000003000800012006001900020007001500039008004100054020001800095020002700113040002100140035002100161050003200182100002100214245019400235260004700429300003600476500002000512533015200532630002800684650001700712650002600729650003900755650002900794650003700823655002900860710001700889856012600906ebr10723058CaPaEBRm o u cr cn|||||||||130703s2013 enka s 001 0 eng d z9781849686846 z9781849686853 (e-book) aCaPaEBRcCaPaEBR a(OCoLC)85115727914aTK5105.8885.O75bI93 2013eb1 aIwazaki, Dalton.10aOracle WebLogic Server 12c advanced administration cookbookh[electronic resource] :bover 60 advanced recipes to configure, troubleshoot, and tune Oracle WebLogic server /cDalton Iwazaki. aBirmingham [England] :bPackt Pub.,c2013. aiii, 267 p. :bill. (some col.) aIncludes index. aElectronic reproduction.bPalo Alto, Calif. :cebrary,d2013.nAvailable via World Wide Web.nAccess may be limited to ebrary affiliated libraries.00aOracle WebLogic server. 0aWeb servers. 0aWeb site development. 0aApplication softwarexDevelopment. 0aClient/server computing. 0aJava (Computer program language) 7aElectronic books.2local2 aebrary, Inc.40uhttp://site.ebrary.com/lib/rucke/Doc?id=10723058zAn electronic book accessible through the World Wide Web; click to view